000 00790nam a2200253Ia 4500
003 OSt
005 20220930075101.0
006 a|||||r|||| 00| 0
007 ta
008 220926b |||||||| |||| 00| 0 hin d
024 _a78735
037 _cTheses
040 _aCRL
_cCRL
_bhin
041 _2hin
_ahin
100 _aRajput Vijay
_9535503
110 _aUniversity of Delhi. Faculty of Music and Fine Arts. Department of Music
_9520437
245 0 _aSwai Gandharva
_b Vyaktittva aur kritittva
260 _c2003
650 _aMUSIC
_917402
700 _a Dr Manjushree Tyagi Gu.
_9535504
700 _aUniversity of Delhi. Faculty of Music and Fine Arts. Department of Music
_9520438
942 _cDIS
_2CC
999 _c867593
_d867593